Diccionario español-portugués. portugués-español
Guardado en:
| Formato: | Libro |
|---|---|
| Publicado: |
Barcelona :
Océano,
2013
|
| Series: | Pocket
|
| Materias: | |
| Etiquetas: |
Agregar Etiqueta
Sin Etiquetas, Sea el primero en etiquetar este registro!
|
| LEADER | 00607nam a22002055a 4500 | ||
|---|---|---|---|
| 001 | CEM.cems013227 | ||
| 005 | 20160811180047.0 | ||
| 008 | 130507s2013##################000#0#####d | ||
| 003 | CEMS | ||
| 020 | |a 9788449427343 | ||
| 082 | 0 | 4 | |a 469.3 |
| 245 | 0 | 0 | |a Diccionario español-portugués. portugués-español |
| 260 | |a Barcelona : |b Océano, |c 2013 | ||
| 300 | |a 798 p. | ||
| 490 | 0 | |a Pocket | |
| 653 | |a Diccionarios | ||
| 653 | |a Diccionarios portugués | ||
| 653 | |a Portugués | ||
| 859 | |a CEMS |b BIB. CEMS - 11 de abril |h 469.3 |i Oc2 |p 27321.16 |t Ej.1 | ||
| 859 | |a CEMS |b BIB. CEMS - 11 de abril |h 469.3 |i Oc2 |p 27322.16 |t Ej.2 | ||
